000 00516nam a2200193Ia 4500
003 GCL
008 140319s9999 xx 000 0 ara d
040 _aGCL /
_cGCL
082 0 4 _a320.5
_bك م
100 1 _aكوسولابوف .ر
245 1 0 _aالماركسية والحرية /
_cكوسولابوف .ر
700 1 _aمحمد مستجير مصطفى
300 _a159 ص
490 _a
650 0 4 _aالماركسية
650 0 4 _aالمجتمع
650 0 4 _aالوطن العربى
942 _2ddc
_cBK
999 _c41143
_d41143